000 01027nam a2200253Ia 4500
003 OSt
005 20201023180022.0
008 191128s1927 ck gr 001 0 spa d
040 _aCO-JMCR
_cCO-JMCR
041 0 _aspa
082 0 4 _a987.05 /
_bM657a
_223
100 1 _aMonsalve, José Dolores,
_ecompilador
_910734
245 1 0 _aActas de la diputación permanente del Congreso de Angostura /
_bcon notas, comentarios y esbozos biográficos por J.D. Monsalve
260 _aBogotá :
_bImprenta Nacional,
_c1927
300 _axvi, 336 páginas ;
_c24 cm.
490 0 _aBiblioteca de Historia Nacional ;
_v40
500 _aIncluye índice analítico, alfabético y notas a pie de página.
505 0 _aAño 1820 -- Año 1821
650 1 4 _aCongreso de Angostura
_910735
_y1819
651 4 _aColombia
_vfuentes
_xhistoria
_yGuerra de independencia, 1810-1819
_911924
651 4 _aVenezuela
_vfuentes
_xhistoria
_yGuerra de independencia, 1810-1823
_911925
700 1 _aMonsalve, J.D.,
_ecomentarista
_911926
942 _2ddc
_cBK
999 _c6299
_d6299